Southville International School and Colleges
Your cart is empty.
  • Cart
  • Lists
    Public lists Eva Luna New books Lux_list list_1
    Your lists Log in to create your own lists
  • Log in to your account
  • Your cookies
  • Search history
Southville International School and Colleges
  • Advanced search
  • Recent comments
  • Most popular
  • Libraries

Log in to your account

Log in with GOOGLE


If you do not have an external account, but do have a local account, you can still log in:

  1. Home
  2. MARC view: One fine day /
Normal view MARC view ISBD view

One fine day / (Record no. 113625)

[ view plain ]
MARC details
000 -LEADER
fixed length control field 00785nam a2200217 a 4500
001 - CONTROL NUMBER
control field 0442
005 - DATE AND TIME OF LATEST TRANSACTION
control field 20140414132031.0
008 - FIXED-LENGTH DATA ELEMENTS--GENERAL INFORMATION
fixed length control field 040116s19uu xx 00 eng d
020 ## - INTERNATIONAL STANDARD BOOK NUMBER
International Standard Book Number 0-02-043620-3
050 ## - LIBRARY OF CONGRESS CALL NUMBER
Classification number TR
Item number ON2
100 ## - MAIN ENTRY--PERSONAL NAME
Personal name Hogrorian, Nonny
245 ## - TITLE STATEMENT
Title One fine day /
Statement of responsibility, etc Nonny, Hogrorian.
260 ## - PUBLICATION, DISTRIBUTION, ETC. (IMPRINT)
Place of publication, distribution, etc New York :
Name of publisher, distributor, etc Aladdin Paperbacks,
Date of publication, distribution, etc 1971.
300 ## - PHYSICAL DESCRIPTION
Extent p. ; cm.
500 ## - GENERAL NOTE
General note TR/PS
520 ## - SUMMARY, ETC.
Summary, etc "One fine day a fox travelled through the great forest. When he reached the other side he was very thirsty. The jaunty red fox stole milk from an old farm woman, lost his tail under the annoyed woman's knife and spent the day bargaining to get it back.
650 ## - SUBJECT ADDED ENTRY--TOPICAL TERM
Topical term or geographic name as entry element Foxes
General subdivision Fiction.
650 ## - SUBJECT ADDED ENTRY--TOPICAL TERM
Topical term or geographic name as entry element Children stories.
650 ## - SUBJECT ADDED ENTRY--TOPICAL TERM
Topical term or geographic name as entry element Humor
General subdivision Fiction.
Holdings
Withdrawn status Lost status Damaged status Use restrictions Home library Current library Shelving location Date acquired Source of acquisition Total Checkouts Full call number Barcode Date last seen Price effective from Koha item type
        Munich Library Munich Library Teachers Reference Section 01/16/2004     TR ON2 M5224 04/14/2014 04/14/2014 Books

One fine day /

APA

Hogrorian N., . (1971). One fine day. New York: Aladdin Paperbacks.

Chicago

Hogrorian Nonny, . 1971. One fine day. New York: Aladdin Paperbacks.

Harvard

Hogrorian N., . (1971). One fine day. New York: Aladdin Paperbacks.

MLA

Hogrorian Nonny, . One fine day. New York: Aladdin Paperbacks. 1971.

  • Place hold
  • Print
  • Cite
  • Add to your cart (remove)
  • Save record
    BIBTEX Dublin Core MARCXML MARC (non-Unicode/MARC-8) MARC (Unicode/UTF-8) MARC (Unicode/UTF-8, Standard) MODS (XML) RIS
  • More searches
    Search for this title in:
    Other Libraries (WorldCat) Other Databases (Google Scholar) Online Stores (Bookfinder.com) Open Library (openlibrary.org)

Exporting to Dublin Core...

SOUTHVILLE LIBRARY

Southville International School and Colleges Library

1281 Tropical Ave. Cor. Luxembourg St., BF Homes International, Las Pinas City

Tel. No. 8256374 / 252358 Loc. 117/146

Powered by Koha